| 000 | 01258nam a2200313 i 4500 | ||
|---|---|---|---|
| 001 | 184954 | ||
| 003 | SpMaBN | ||
| 005 | 20250725232725.0 | ||
| 008 | 160225s1980 sp |||| |b | ||
| 020 | _a84-276-0511-0 | ||
| 080 | _a821.134.2 Sánchez de Badajoz, G.1.07 | ||
| 080 | _a821.134.2-14"14/15" | ||
| 100 | 1 |
_aSánchez de Badajoz, Garci. _9158870 |
|
| 245 | 1 | 0 |
_aCancionero de Garci Sánchez de Badajoz / _cedición preparada por Julia Castillo. |
| 260 |
_aMadrid : _bEditora Nacional, _c[1980] |
||
| 300 |
_a459 p., [2] h. ; _c18 cm. |
||
| 490 | 1 |
_aBiblioteca de la literatura y el pensamiento hispánicos ; _v43 |
|
| 500 | _aÍndice. | ||
| 504 | _aBibliografía: p. 439-453. | ||
| 505 | 8 |
_aContiene: ; _tSobre la desproporción y la muerte ; _tBiografía / _rJulia Castillo. -- _t[Selva de epictetos] |
|
| 650 | 7 |
_aPoesías españolas- _yHasta S.XV. _9152332 |
|
| 650 | 4 |
_aPoesías españolas- _yS.XVI-XVII _916219 |
|
| 700 | 0 |
_aCastillo, Julia, _d1956- _936704 |
|
| 740 | 0 | 2 | _aSobre la desproporción y la muerte. |
| 740 | 1 | 2 | _a[Selva de epictetos] |
| 830 | 0 |
_aBiblioteca de la literatura y el pensamiento hispánicos ; _v43 _9180925 |
|
| 852 |
_aES-MaACL _jL-30226 _z. - Donat. Miguel A. Velasco |
||
| 999 |
_c184954 _d184954 |
||